TOu Choose Your Destiny/ (Record no. 206193)
[ view plain ]
| 000 -LEADER | |
|---|---|
| fixed length control field | 00612nam a22001937a 4500 |
| 005 - DATE AND TIME OF LATEST TRANSACTION | |
| control field | 20241009123501.0 |
| 010 ## - LCCN (DPL NO) | |
| LC control number | ENG-142006 |
| 020 ## - INTERNATIONAL STANDARD BOOK NUMBER | |
| Terms of availability | 220.00 |
| International Standard Book Number | 9789388909976 |
| 035 ## - SYSTEM CONTROL NUMBER | |
| System control number | EN-125538 |
| 037 ## - SOURCE OF ACQUISITION | |
| Source of stock number/acquisition | DBAD |
| 082 ## - DEWEY DECIMAL CLASSIFICATION NUMBER | |
| Classification number | 158.1 |
| Edition number | 1 |
| 100 ## - MAIN ENTRY--PERSONAL NAME | |
| Personal name | Nedumaruthumchalil, GIlson |
| 245 ## - TITLE STATEMENT | |
| Title | TOu Choose Your Destiny/ |
| Statement of responsibility, etc | By GIlson Nedumaruthumchalil |
| 250 ## - EDITION STATEMENT | |
| Edition statement | 1 |
| 260 ## - PUBLICATION, DISTRIBUTION, ETC. (IMPRINT) | |
| Name of publisher, distributor, etc | Pavanatma Publishers pvt. ltd |
| Date of publication, distribution, etc | 2020 |
| Place of publication, distribution, etc | Kozhikode |
| 270 ## - ADDRESS | |
| City | Kozhikode |
| Postal code | 673016 |
| Address | Parayanchery, Kuthiravattam |
| Telephone number | 9746077500 |
| Electronic mail address | aatmabooks@gmail.com |
| 300 ## - PHYSICAL DESCRIPTION | |
| Extent | 223p. |
| Dimensions | 21cm (pb) |
| 942 ## - ADDED ENTRY ELEMENTS (KOHA) | |
| Source of classification or shelving scheme | Dewey Decimal Classification |
| Item type | English Books |
| Classification part | 158.1 |
| Call number prefix | NED |
| Withdrawn status | Lost status | Not for loan | Collection code | Home library | Current library | Date acquired | Source of acquisition | Cost, normal purchase price | Full call number | Barcode | Copy number | Cost, replacement price | Koha item type |
|---|---|---|---|---|---|---|---|---|---|---|---|---|---|
| Non-fiction | Central Library | Central Library | 09/10/2024 | Delivery of Books Act Division | 220.00 | 158.1 | EN-125538 | 1 | 220.00 | English Books |
